01446nam a22003377i 450000500170000000800410001702000380005804000250009604100130012108200150013410000560014924000300020524501200023526400590035530000400041433600210045433700250047533800230050049000400052365000480056370000390061170000360065083000390068688000620072588001120078788000540089988000400095388000390099388000360103288000400106820190321100818.0190311s2017 cc a c 000 fdchi d a9787564538170qpaperbackcRM38.50 aPPAKbengcPPAKerda1 achiheng04a813.522231 6880-01aWilder, Laura Ingalls, d1867-1957eauthor.10aThe long winter.lChinese106880-02aMan chang de dong ji =bTHE LONG WINTER /c(mei) Luola. Ying ge si. Huai dezhe; Han Jianhua, Han Jing yizhu 16880-03aZhengzhou :bZhengzhou daxue chuban she,c2017 a290 pages :billustrations ;c22 cm 2rdacontentatext 2rdamediaaunmediated 2rdacarrieravolume1 6880-04 aXiao muwu de gushi congshu10aAmerican fictionxTranslations into Chinese1 6880-05aHang, Jianhuaetranslator.1 6880-06aHang, Jin,etranslator. 06880-07aXiao muwu de gushi congshu1 6100-01/$1a怀德, 罗拉 .英格斯,b1867-1957eauthor.106245-02/$1a漫长的冬季 =bTHE LONG WINTER /c(美)罗拉.英格斯.怀德著;韩剑华,韩静译著 16264-03/$1a郑州 :b郑州大学出版社,c20171 6490-04/$1a小木屋的故事丛书1 6700-05/$1a韩剑华,etranslator.1 6700-06/$1a韩静,etranslator. 06830-07/$1a小木屋的故事丛书